Reflexiones sobres las tendencias generales de cambio en el estado burocratico-autoritario
Guardado en:
| Autor principal: | |
|---|---|
| Formato: | Desconocido |
| Aporte de: | Registro referencial: Solicitar el recurso aquí |
| LEADER | 00399 a2200109 4500 | ||
|---|---|---|---|
| 001 | ART_14539 | ||
| 005 | 20260410161915.0 | ||
| 008 | 260409a | ||
| 245 | 1 | 0 | |a Reflexiones sobres las tendencias generales de cambio en el estado burocratico-autoritario |
| 100 | 1 | |a O´Donnell, Guillermo | |
| 773 | 0 | |t Revista Paraguaya de Sociología |g - Año 11, Nº 33 (may./ago. 1975) |w REV13424 | |
| 999 | |c 27199 |d 27199 | ||